000 00593nam a2200205Ia 4500
005 20250923145351.0
008 008 250917s9999 xx 000 0 eng d
037 _aTextual
040 _aDSWL
_beng
_cDSWL
041 _aeng
_2eng
084 _aT40aX:8, N75
_qDSWL
100 _aSrivastava, R.C.
_9834551
245 0 _aStudents participation in administration
_c by R.C. Srivastava
260 _aNew Delhi
_b Sterling Pubs.
_c1975
300 _avi,168 p.
365 _aINR
_b27 . 0
925 _g27 . 0
942 _cTEXL
_hT40aX:8, N75
999 _c1450515
_d1450515